|
|
|
|
| LEADER |
00000nkm a2200000 a 4500 |
| 001 |
vtls011888865 |
| 003 |
SK-MaSNL |
| 005 |
20260512125411.0 |
| 007 |
kp ho |
| 008 |
230706q1905 xo g kuslo |
| 015 |
|
|
|a SNBG
|
| 035 |
|
|
|a urn:nbn:sk:snk-km00efkg
|
| 035 |
|
|
|a urn:nbn:sk:snk-km43dg6
|
| 035 |
|
|
|a 146A062D-A5C1-4E3B-8FCE-79A569027411
|
| 040 |
|
|
|a SNK
|b slo
|c SNK
|e AACR2
|
| 041 |
0 |
|
|a slo
|
| 043 |
|
|
|a e-xo---
|
| 044 |
|
|
|a xo
|c SK
|
| 072 |
|
7 |
|a 913
|x Regionálna geografia
|2 konspekt
|
| 080 |
|
|
|a 913(437.6)
|2 2011
|
| 080 |
|
|
|a 711.61
|2 2011
|
| 080 |
|
|
|a (084.121)
|2 2011
|
| 080 |
|
|
|a 725.942
|2 2011
|
| 080 |
|
|
|a 725.1
|2 2011
|
| 080 |
|
|
|a 711.73
|2 2011
|
| 245 |
0 |
0 |
|a Nitra
|h grafika
|b Štefanikovo námestie
|
| 260 |
|
|
|a [Slovensko?]
|b [vydavateľ neznámy]
|c [medzi 1905 a 1930?]
|
| 300 |
|
|
|a 1 pohľadnica
|b kolorovaná
|c 9 x 14 cm
|
| 500 |
|
|
|a Názvové údaje prevzaté z obrazovej časti pohľadnice
|
| 500 |
|
|
|a Názov a podnázov v slovenčine bol na pohľadnicu pridaný dodatočne, pôvodný názov bol prečiarknutý, je nečitateľný
|
| 520 |
8 |
|
|a Zobrazenie: Pohľad na námestie (dnešné Svätoplukovo). Vpravo v popredí vidno morový stĺp, okolo ktorého je niekoľko ľudí. Vľavo vidno Mestský dom (dnešné Ponitrianske múzeum). V pozadí vidno dnešnú Kupeckú ulicu lemovanú z oboch strán vysokými meštianskymi domam
|
| 650 |
0 |
7 |
|a námestia
|2 SNKPH
|9 26291
|
| 650 |
0 |
7 |
|a morové stĺpy
|2 SNKPH
|9 99210
|
| 650 |
0 |
7 |
|a verejné budovy
|2 SNKPH
|9 2985
|
| 650 |
0 |
7 |
|a ulice
|2 SNKPH
|9 2938
|
| 651 |
|
7 |
|a Nitra (Slovensko)
|2 SNKPHgeo
|9 15714
|
| 655 |
|
7 |
|a miestne pohľadnice
|2 SNKPH
|9 70510
|
| 852 |
|
|
|a Slovenská národná knižnica
|
| 958 |
|
|
|a ONDV
|
| 958 |
|
|
|a GBN
|
| 958 |
|
|
|a GC
|
| 999 |
|
|
|c 1034601
|d 1036531
|
| 952 |
|
|
|a SNK
|b SNK
|y PREZ
|7 0
|p 17A1244060
|o snkSP 43465
|0 0
|1 0
|4 0
|d 2019-09-23
|f 1
|l 0
|r 2026-02-24 14:05:16
|w 2026-02-24
|